00911nam a22001817a 4500003000500000005001700005008004100022020002300063040001400086041000600100082001300106100001700119245008000136260003700216300002100253504044200274521001300716322820250604085801.0250604b sa ||||| |||| 00| 0 eng d a9781849416573qpbk aRDAc3228 2E aEJF HEND aDiana Hendry aHarvey Angell Beats Time:bA thrilling time-travel adventurecHendry, Diana aGreat Britain, UKbRed foxc2000 a195 pagesc21 cm 6When Henry finds a strange baby hidden in Aunt Agatha's garden, and ghostly women begin to haunt 131 Ballantyre Road, Road, Hendry and his new friend Rosie know this is a job for the magical, marvellous Harvey Angell. Henry's extraordinary friend soon realizes that sweetheart isn't from this world-she's from the future, and desperately needs to get back home. That means a breathtakingly dangerous trip through time for Harvey Angell.  aJuvenile